banner koha

Emprego da anastomose de roux em "Y" no tratamento alternativo das sindromes pos-gastrectomias (Registro n. 156865)

MARC details
000 -LÍDER
campo de controle de tamanho fixo 00868nas a2200289 4500
001 - NÚMERO DE CONTROLE
campo de controle BR9705035
003 - IDENTIFICADOR DO NÚMERO DE CONTROLE
campo de controle BR-BrBNA
005 - DATA E HORÁRIO DA ÚLTIMA TRANSAÇÃO
campo de controle 20231205100604.0
007 - CAMPO FIXO DE DESCRIÇÃO FÍSICA--INFORMAÇÃO GERAL
campo de controle de tamanho fixo ta
008 - CAMPO DE DADOS FIXOS--INFORMAÇÃO GERAL
campo de controle de tamanho fixo 230509b bl.|||p| |||| 00| 00por d
040 ## - FONTE DA CATALOGAÇÃO
Instituição da catalogação original BR-BrBNA
Idioma da catalogação por
Instituição que transcreveu o registro Biblioteca Nacional de Agricultura
041 ## - CÓDIGO DE IDIOMA
Código do idioma do texto/trilha sonora ou título diferente (Pt)
072 ## - CÓDIGO DE CATEGORIA DE ASSUNTO
Código de Categoria de Assunto L70
100 1# - ENTRADA PRINCIPAL--NOME PESSOAL
Nome pessoal Facury Neto, M.A.
100 1# - ENTRADA PRINCIPAL--NOME PESSOAL
Nome pessoal Eurides, D.
100 1# - ENTRADA PRINCIPAL--NOME PESSOAL
Nome pessoal Fioravanti, M.C.S.
100 1# - ENTRADA PRINCIPAL--NOME PESSOAL
Nome pessoal Mazzanti, A.
100 1# - ENTRADA PRINCIPAL--NOME PESSOAL
Nome pessoal Silva, L.A.F. da
100 1# - ENTRADA PRINCIPAL--NOME PESSOAL
Nome pessoal Trancoso Neto, N.S.
100 1# - ENTRADA PRINCIPAL--NOME PESSOAL
Nome pessoal Silva, F.O.C. e
245 1# - TÍTULO
Título Emprego da anastomose de roux em "Y" no tratamento alternativo das sindromes pos-gastrectomias
650 ## - ASSUNTO--TERMO TÓPICO
Cabeçalho tópico ou nome geográfico Anastomose
650 ## - ASSUNTO--TERMO TÓPICO
Cabeçalho tópico ou nome geográfico Sindrome
773 0# - ENTRADA ANALÍTICA
Título Veterinaria Noticias (Brazil)
ISSN - International Standard Serial Number ISSN 0104-3463
Partes relacionadas (1997), v. 3(1) p. 169-173
Número de controle do registro BR9705035
909 ## -
-- 202311
-- Lúcia
-- 55
-- Lúcia Elande
942 ## - ELEMENTOS DE ENTRADA ADICIONADOS (KOHA)
Fonte da classificação ou esquema de arquivamento na estante Classificação AGRIS
Ocultar no OPAC Não
Tipo de material Koha Analítica
Exemplares
Situação do descarte Fonte da classificação ou esquema de arquivamento na estante Situação física Não pode ser emprestado Biblioteca de origem Biblioteca atual Localização na estante Enumeração do periódico / cronologia Total de empréstimos Data de último acesso Número do exemplar Tipo de material Koha Fonte de aquisição
  Classificação AGRIS   Consulta local Biblioteca Nacional de Agricultura - Binagri Biblioteca Nacional de Agricultura - Binagri   (1997), v. 3(1) p. 169-173   29/11/2023 01 Periódicos Portaria Interministerial nº 164/94

BINAGRI

Telefone: (61)3218-2567/2388/3357/2097 - binagri@agro.gov.br

Ministério da Agricultura e Pecuária , Esplanada dos Ministérios, Bloco D, Anexo B, Brasília/DF, CEP: 70.043-900